Регионална библиотека "Любен Каравелов" - Русе

За Китай (Запис номер 130611)

MARC детайли
000 -Лидер
Контролно поле с фиксирана дължина 02279nam a2200493 c 4500
003 - Код на организацията, давaща контролен номер
Контролно поле BLK
005 - Дата и час на последна редакция
Контролно поле 20250620112439.0
008 - Елементи от данни с фиксирана дължина
fixed length control field 180409b bul|||||r ||||||| ||bul||
010 ## - Наследен системен номер
LC control number KNG00136379000
020 ## - Международен стандартен номер на книга ISBN
Международен стандартен номер на книга ISBN 978-954-398-263-9
-- издат.: Труд
040 ## - Източник на каталожния запис
Идентификатор на билиотеката - собственик на записа BLK
041 ## - Код за език
Код за езика на текст/звукозапис или на отделно заглавие Български
Код за езика КДБФ Български
072 #7 - Код за тематичната категория
Код организация bullib
Код за тематична категория Н32
Текст Политика Н
080 ## - УДК
Текстов определител УДК Международни политически отношения. Световна политика. Международна политика. Дипломация
УДК код - определител по УДК 327
УДК определител (510)
УДК - код + определител 327(510)
080 ## - УДК
Текстов определител УДК Международни политически отношения. Световна политика. Международна политика. Дипломация
УДК код - определител по УДК 327
УДК определител (73:510)
УДК - код + определител 327(73:510)
080 ## - УДК
Текстов определител УДК История на Китай. Вж и 931.5 ; 935
УДК код - определител по УДК 94(510)
УДК определител
УДК - код + определител 94(510)
100 1# - Редна дума - Автор
Автор Кисинджър, Хенри Алфред
Авторска отговорност първи автор
R(LIN) 79299
139 ## - Редно поле
Редна дума Кисинджър, Хенри Алфред
Авторски знак Кис - К 60
245 10 - Сведения за заглавието
Заглавие За Китай
Редно поле (дума) Хенри Алфред Кисинджър; прев. Жана Василева Тотева.
257 ## - Страна на издаване
Страна на създаване/издаване Съединени американски щати
260 ## - Област на издателските данни
-- София
Име на издателя, разпространителя и проч. Труд
Година на издаване 2012
Печатница София : Д. Благоев
300 ## - Физическа характеристика
Страници 528 с.
Илюстрации и др. с ил.
Размери/Мащаб 23 см
380 ## - Жанр
Жанр Обществени науки
490 1# - СЕРИИ (Колекции)
Име на серия Поредица Нобелисти
500 ## - Общи забележки
Забележка Ориг. загл. On China / Henry Kissinger. - Указател на имена и термини.
650 #0 - Допълнително описание по предмет – тема
Основно описание – тема или топоним Китай - външна политика
9 (RLIN) 277873
650 #4 - Допълнително описание по предмет – тема
Основно описание – тема или топоним САЩ - външна политика
9 (RLIN) 246834
650 #0 - Допълнително описание по предмет – тема
Основно описание – тема или топоним Международни отношения
9 (RLIN) 245477
651 #4 - Допълнително описание по предмет - топоним
Географско понятие Китай
9 (RLIN) 242505
651 #4 - Допълнително описание по предмет - топоним
Географско понятие САЩ
9 (RLIN) 179493
653 ## - Ключова дума – ненормативна
Ключова дума международни политически отношения
653 ## - Ключова дума – ненормативна
Ключова дума външна политика
653 ## - Ключова дума – ненормативна
Ключова дума дипломация
653 ## - Ключова дума – ненормативна
Ключова дума САЩ
653 ## - Ключова дума – ненормативна
Ключова дума Китай
659 ## - Тематичен бюлетин
Тематичен бюлетин Н
700 1# - Други автори (авторска отговорност)
Лично име Тотева, Жана Василева
Автороска отговорност (Описва отношението между автора и произведението) прев.
9 (RLIN) 370345
852 ## - Местоположение
Форматна сигнатура Цб 256890
856 4# - Електронен адрес и достъп
Електронен формат pdf - файл
Път до файла /url/
856 4# - Електронен адрес и достъп
Електронен формат pdf - файл
Път до файла /url/
942 ## - АРТИКУЛИ
Вид на библиотечния материал Книги
Скрит в OPAC Не
Koha issues (borrowed), all copies 5
944 ## - СЪЗДАВАНЕ И РЕДАКЦИЯ на ЗАПИСА
Създаване/Редакция Създаване
Дата на регистрацията/редакция 16.02.2011
Статус, дата на статуса Цветомила Тодорова
Служител, извършил регистрацията/редакцията 30576
944 ## - СЪЗДАВАНЕ И РЕДАКЦИЯ на ЗАПИСА
Създаване/Редакция Редакция
Дата на регистрацията/редакция 12.03.2016
Статус, дата на статуса ф /
Служител, извършил регистрацията/редакцията Людмила_Стоянова
999 ## - СИСТЕМНИ КОНТРОЛНИ НОМЕРА
Koha biblionumber 130611
Koha biblioitemnumber 130611
Наличности
Код за отписване Код за изгубен артикул Код за повреда Коз за рестрикции Код за отдаване Артикулен № Име на библиотеката - собственик Име на библиотеката, в която се намира в момента Статус (Текущо местоположение) Дата на вписване в системата Местоположение - отдел Цена в лева Инвентарен номер Систематично азбучна сигнатура Баркод Номер на екземпляра Цена в евро Служебна бележка Служебен тип на артикула
  Не е изгубен Не е повреден без рестрикции заемане за дома 212532 Регионална библиотека "Любен Каравелов" Русе Регионална библиотека "Любен Каравелов" Русе Заемна - подръчен фонд 2012-11-21 Заемна - подръчен фонд 16.25 120000761217 П 327(5)/К 60 120000761217 1 8.31 Дост: Pk Вид: Ф N: 820000048 Дата: 09.11.2012 Дата инв: 02.02.2018 Бележки инв: П2018 Книги
  Не е изгубен Не е повреден без рестрикции заемане за дома 212533 Регионална библиотека "Любен Каравелов" Русе Регионална библиотека "Любен Каравелов" Русе Заемна - подръчен фонд 2013-12-27 Заемна - подръчен фонд 25.00 120000773052 П 327(5)/К 60 120000773052 2 12.78 Дост: Pk Вид: Ф N: 383 Дата: 14.12.2013 Дата инв: 02.02.2018 Бележки инв: П2018 Книги
  Не е изгубен Не е повреден без рестрикции ползва се в читалня 212534 Регионална библиотека "Любен Каравелов" Русе Регионална библиотека "Любен Каравелов" Русе Хранилище 2014-09-03 Хранилище 25.00 120000780102 Цб 256890 120000780102 3 12.78 Дост: Dp Вид: Д N: 46 Дата: 11.11.2013 Книги
  Не е изгубен Не е повреден без рестрикции заемане за дома 212535 Регионална библиотека "Любен Каравелов" Русе Регионална библиотека "Любен Каравелов" Русе Заемна - подръчен фонд 2015-12-16 Заемна - подръчен фонд 21.00 120000795665 П 327(5)/К 60 120000795665 4 10.74 Дост: Pk Вид: Ф N: 23347 Дата: 09.12.2015 Дата инв: 02.02.2018 Бележки инв: П2018 Книги
Vip Innovations Ltd, Rousse, Bulgaria 2025